| 000 | 00834nam a2200205Ii 4500 | ||
|---|---|---|---|
| 003 | JO-AjNU | ||
| 008 | 230605s9999||||xx |||||||||||||| ||und|| | ||
| 017 | _a2003/8/1643 | ||
| 040 |
_aJO-AjNU _bara _erda _cJO-AjNU |
||
| 041 | _aara | ||
| 050 | 1 | 4 | _aBD161.K8776 2004 |
| 100 | 3 |
_aالكردي، راجح عبد الحميد, _eauthor _97167 |
|
| 245 | 0 | 0 | _aنظرية المعرفة بين القرآن والفلسفة : أصل المعرفة وطرقها وأنواعها، الكتاب الثالث |
| 264 | 3 | 1 | _aعمان:دار الفرقان للنشر والتوزيع ، 2004 |
| 300 | _aالكتاب الثالث، 340ص | ||
| 336 |
_atext _btxt _2rdacontent |
||
| 337 |
_aunmediated _bn _2rdamedia |
||
| 338 |
_avolume _bnc _2rdacarrier |
||
| 650 | 4 |
_aالاسلام-القرآن-نظرية المعرفة-الفلسفة _97168 |
|
| 999 |
_aA141 _c3709 _d3709 |
||